000 00698nam a22001697a 4500
008 160112b xxu||||| |||| 00| 0 eng d
020 _a9780078807213
082 _22009
_aDK12 530
_bP56
245 _aPhysics:
_bprinciples and problems/
_cPaul W. Zitzewitz [and 8 others]
260 _aColumbus, Ohio:
_bThe McGraw-Hill Companies, Inc.,
_cc2009.
300 _axvii, 944 pages:
_bcolor illustrations;
_c28 cm.
440 _91592
_aGlencoe Science
500 _aIncludes glossary and index.
650 0 _91593
_aPhysics.
700 _91594
_aTodd George Elliot, David G. Haase, Kathleen A. Harper, Michael R. Herzog, Jane Bray Nelson, Jim Nelson, Charles A. Schuler, and Margaret K. Zorn
942 _2ddc
_cBK
999 _c601
_d601